000 00397nam a2200181Ia 4500
001 733
005 20260306140539.0
008 260306t2011||||xx |||||||||||||| ||spa||
041 _aESP
082 _a149.8
_bV84
100 _aVolpi, Franco
_eAUT
245 0 _aEl nihilismo
260 _c2011
300 _a190 páginas :
_c22 cm.
650 _aGEN
654 _aCHU
942 _cLIB
_dJUS
_fJUS
_2ddc
_n
999 _c733
_d733